[Event "CZE-chT U12"]
[Site "Jihlava"]
[Date "2022.06.12"]
[Round "8.1"]
[White "Belaska, Vaclav"]
[Black "Artamonov, Mikhail1111"]
[Result "1-0"]
[WhiteElo "1620"]
[BlackElo "1160"]
[PlyCount "111"]
[EventDate "2022.06.10"]
[EventType "team-swiss"]
[EventRounds "9"]
[EventCountry "CZE"]
[SourceTitle "CBM 209 Extra"]
[Source "ChessBase"]
[SourceDate "2022.09.30"]
[SourceVersion "1"]
[SourceVersionDate "2022.09.30"]
[SourceQuality "1"]
[WhiteTeam "Liberec Desko U12"]
[BlackTeam "Ricany U12"]
[WhiteTeamCountry "CZE"]
[BlackTeamCountry "CZE"]

1. d4 Nf6 2. c4 d6 3. Nc3 g6 4. g3 Bg7 5. Bg2 0-0 6. e3 Nbd7 7. Nge2 e5 8. 0-0 Re8 9. Qd3 Nb6 10. b3 exd4 11. Nxd4 Nfd7 12. Bb2 Nc5 13. Qd2 a6 14. Nd5 Nxd5 15. Bxd5 Bh3 16. Rfd1 Qf6 17. Rab1 Qe7 18. Bg2 Bxg2 19. Kxg2 Ne4 20. Qc2 Ng5 21. Nf3 Nxf3 22. Kxf3 Bxb2 23. Rxb2 Qf6+ 24. Kg2 Re5 25. Qc3 Qe6 26. Rbd2 Re8 27. Rd5 Rxd5 28. cxd5 Qe4+ 29. Kg1 Qf3 30. Rd2 Re7 31. Qc2 Rd7 32. Qd1 Qxd1+ 33. Rxd1 Kg7 34. Kg2 Kf6 35. f4 c6 36. dxc6 bxc6 37. Kf3 d5 38. Rc1 Rd6 39. e4 dxe4+ 40. Kxe4 Ke6 41. Rc2 f5+ 42. Ke3 Kd7 43. Rc4 Kc7 44. Rd4 Rxd4 45. Kxd4 Kd6 46. b4 h6 47. h4 h5 48. a3 Ke6 49. Kc5 Kd7 50. Kb6 Kd6 51. Kxa6 Kd5 52. b5 cxb5 53. Kxb5 Kd6 54. Kc4 Kc6 55. a4 Kb6 56. Kd5 1-0

[Event "CZE-chT U12"]
[Site "Jihlava"]
[Date "2022.06.11"]
[Round "4.1"]
[White "Roubal, Matyas"]
[Black "Belaska, Vaclav"]
[Result "1-0"]
[WhiteElo "1321"]
[BlackElo "1620"]
[PlyCount "77"]
[EventDate "2022.06.10"]
[EventType "team-swiss"]
[EventRounds "9"]
[EventCountry "CZE"]
[SourceTitle "CBM 209 Extra"]
[Source "ChessBase"]
[SourceDate "2022.09.30"]
[SourceVersion "1"]
[SourceVersionDate "2022.09.30"]
[SourceQuality "1"]
[WhiteTeam "Klatovy Sokol U12"]
[BlackTeam "Liberec Desko U12"]
[WhiteTeamCountry "CZE"]
[BlackTeamCountry "CZE"]

1. e4 c6 2. Nc3 d5 3. Qf3 dxe4 4. Nxe4 Nf6 5. d4 Qxd4 6. Bd3 Bg4 7. Nxf6+ exf6 8. Qe3+ Qxe3+ 9. Bxe3 Nd7 10. f3 Be6 11. Ne2 Nc5 12. Nf4 Nxd3+ 13. Nxd3 Bd6 14. 0-0-0 0-0 15. Nc5 Bxc5 16. Bxc5 Rfd8 17. Bd6 Bd5 18. Bc5 b6 19. Bf2 Be6 20. b3 Kf8 21. c4 c5 22. Rhe1 Ke7 23. g4 Rxd1+ 24. Kxd1 Rd8+ 25. Kc2 Kd7 26. h3 Kc6 27. f4 f5 28. g5 g6 29. a4 a5 30. h4 h5 31. gxh6 Rh8 32. Rg1 Rxh6 33. Be1 Rh8 34. Rh1 Rh5 35. Bc3 Kc7 36. Be5+ Kc6 37. Bf6 Rh7 38. Rd1 Bd7 39. Be5 1-0

[Event "CZE-ch U12"]
[Site "Herlikovice"]
[Date "2021.10.24"]
[Round "2"]
[White "Seidl, Vaclav"]
[Black "Belaska, Vaclav"]
[Result "0-1"]
[WhiteElo "1187"]
[BlackElo "1418"]
[PlyCount "140"]
[EventDate "2021.10.23"]
[EventType "swiss"]
[EventRounds "9"]
[EventCountry "CZE"]
[SourceTitle "EXT 2023"]
[Source "ChessBase"]
[SourceDate "2022.10.05"]
[SourceVersion "1"]
[SourceVersionDate "2022.10.05"]
[SourceQuality "1"]

1. d4 Nf6 2. Nf3 d5 3. Bf4 Bf5 4. c4 e6 5. Nc3 Bd6 6. Bg3 c6 7. e3 0-0 8. Bd3 dxc4 9. Bxc4 Bxg3 10. hxg3 Qb6 11. Qb3 Nbd7 12. 0-0-0 Ng4 13. Rdf1 Qxb3 14. Bxb3 Bd3 15. Re1 Nxf2 16. Rh4 Bg6 17. Bc2 Nd3+ 18. Bxd3 Bxd3 19. Reh1 h6 20. Kd2 Bg6 21. Ng5 Nb6 22. b3 Nd5 23. Nxd5 cxd5 24. Nf3 Rac8 25. g4 f6 26. g5 fxg5 27. R4h2 Rc2+ 28. Kd1 Rfc8 29. Ne5 Be4 30. Nf3 Rc1+ 31. Ke2 Bxf3+ 32. Kxf3 R1c2 33. g3 Kh7 34. Kg4 Kg6 35. Kf3 R8c3 36. g4 b6 37. Rxc2 Rxc2 38. Re1 Rxa2 39. e4 Rb2 40. exd5 exd5 41. Re5 Rxb3+ 42. Kf2 Rb5 43. Re7 a5 44. Ra7 Rb4 45. Ke3 a4 46. Kd3 b5 47. Kc3 Rb3+ 48. Kd2 Rg3 49. Rd7 a3 50. Rxd5 a2 51. Rd6+ Kh7 52. Ra6 Rxg4 53. Kc3 Rg3+ 54. Kb4 Rd3 55. Kxb5 Rxd4 56. Rxa2 h5 57. Kc5 Rd1 58. Rg2 Kh6 59. Kc4 h4 60. Kc3 Kh5 61. Rd2 Rxd2 62. Kxd2 h3 63. Ke2 h2 64. Kf3 h1Q+ 65. Kg3 Qe4 66. Kh2 Qd3 67. Kg2 Kg4 68. Kh2 Qc2+ 69. Kg1 Kg3 70. Kh1 Qg2# 0-1

[Event "CZE-ch Betsys Online Blitz"]
[Site "Chess.com INT"]
[Date "2021.04.17"]
[Round "12"]
[White "Belaska, Vaclav"]
[Black "Sladek, Jaroslav"]
[Result "0-1"]
[WhiteElo "1460"]
[BlackElo "1877"]
[PlyCount "88"]
[EventDate "2021.04.17"]
[EventType "swiss (blitz)"]
[EventRounds "13"]
[EventCountry "CZE"]
[SourceTitle "CBM 201 Extra"]
[Source "ChessBase"]
[SourceDate "2021.05.31"]
[SourceVersion "1"]
[SourceVersionDate "2021.05.31"]
[SourceQuality "1"]

1. d4 d5 2. c4 e6 3. Nc3 c5 4. e3 Nf6 5. Nf3 a6 6. a3 dxc4 7. dxc5 Qxd1+ 8. Kxd1 Bxc5 9. Bxc4 b5 10. b4 Bb6 11. Bb3 Bb7 12. Bb2 Nc6 13. Ke2 Ke7 14. Rad1 Rhd8 15. Rxd8 Rxd8 16. Rd1 Rxd1 17. Kxd1 Nb8 18. Ke2 Nbd7 19. Nb1 Bd5 20. Bxd5 Nxd5 21. Bd4 f6 22. Bxb6 N7xb6 23. Nd4 Nc4 24. g3 e5 25. e4 exd4 26. exd5 Kd6 27. Kd3 Kxd5 28. f4 g5 29. fxg5 Ne5+ 30. Kd2 fxg5 31. Ke2 Kc4 32. Nd2+ Kd5 33. Nf3 h6 34. Nxe5 Kxe5 35. Kd3 g4 36. Kd2 Ke4 37. Ke2 d3+ 38. Kd2 Kd4 39. Kd1 Ke3 40. a4 bxa4 41. b5 axb5 42. h3 gxh3 43. g4 h2 44. g5 h1Q# 0-1

[Event "CZE-ch Betsys Online Blitz"]
[Site "Chess.com INT"]
[Date "2021.04.17"]
[Round "7"]
[White "Belaska, Vaclav"]
[Black "Szotkowski, David"]
[Result "0-1"]
[WhiteElo "1460"]
[BlackElo "1802"]
[PlyCount "88"]
[EventDate "2021.04.17"]
[EventType "swiss (blitz)"]
[EventRounds "13"]
[EventCountry "CZE"]
[SourceTitle "CBM 201 Extra"]
[Source "ChessBase"]
[SourceDate "2021.05.31"]
[SourceVersion "1"]
[SourceVersionDate "2021.05.31"]
[SourceQuality "1"]

1. d4 Nf6 2. c4 c5 3. d5 d6 4. Nc3 g6 5. b3 Bg7 6. Bb2 0-0 7. e4 a6 8. Nf3 Bg4 9. Be2 Bxf3 10. gxf3 Nbd7 11. f4 Nxe4 12. Nxe4 Bxb2 13. Rb1 Bg7 14. f5 Nf6 15. Nxf6+ Bxf6 16. fxg6 fxg6 17. Bd3 Bc3+ 18. Ke2 Bd4 19. f3 Qe8 20. Qc2 Qf7 21. Rbf1 e6 22. dxe6 Qxe6+ 23. Be4 Kh8 24. Kd2 b5 25. Re1 bxc4 26. Bxa8 c3+ 27. Kd1 Qf6 28. Be4 Rd8 29. Rhf1 d5 30. Bd3 c4 31. bxc4 dxc4 32. Bxc4 Be3+ 33. Bd3 Bd2 34. Re2 Qd4 35. Rxd2 cxd2 36. Qxd2 Qxd3 37. Qxd3 Rxd3+ 38. Kc2 Ra3 39. Kb2 Re3 40. Rf2 Kg7 41. f4 Kf6 42. Rd2 Kf5 43. Rd5+ Kxf4 44. Rd6 Re2+ 0-1

[Event "CZE-ch Betsys Online Blitz"]
[Site "Chess.com INT"]
[Date "2021.04.17"]
[Round "4"]
[White "Stegl, Petr"]
[Black "Belaska, Vaclav"]
[Result "1-0"]
[WhiteElo "1789"]
[BlackElo "1460"]
[PlyCount "61"]
[EventDate "2021.04.17"]
[EventType "swiss (blitz)"]
[EventRounds "13"]
[EventCountry "CZE"]
[SourceTitle "CBM 201 Extra"]
[Source "ChessBase"]
[SourceDate "2021.05.31"]
[SourceVersion "1"]
[SourceVersionDate "2021.05.31"]
[SourceQuality "1"]

1. e4 c5 2. Nf3 d6 3. d4 cxd4 4. Nxd4 Nf6 5. Nc3 g6 6. Be2 Bg7 7. 0-0 0-0 8. Bg5 h6 9. Bh4 a6 10. Kh1 Nc6 11. f4 Qb6 12. Nb3 Bd7 13. Bf2 Qc7 14. Bg3 Rac8 15. Bf3 Be6 16. Nd5 Bxd5 17. exd5 Nb4 18. c3 Nbxd5 19. Bxd5 Nxd5 20. Qxd5 e6 21. Qd3 Qb6 22. Rad1 Rc6 23. Bf2 Qc7 24. Bd4 Bxd4 25. Nxd4 Rc4 26. Nb3 Rc6 27. Nd2 b5 28. Ne4 d5 29. Nf6+ Kg7 30. Qd4 Qe7 31. Ne8+ 1-0